Finanzas estructurales y estrategias financieras

Saved in:
Bibliografiske detaljer
Hovedforfatter: Faus, J (Author)
Format: Bog
Sprog:spansk
Udgivet: Barcelona Folio 1997
Serier:Biblioteca IESE de Gestión de Empresas
Fag:
Tags: Tilføj Tag
Ingen Tags, Vær først til at tagge denne postø!

MARC

LEADER 00000nam a2200000 a 4500
001 UCP1539
003 CL-VaPUC
008 990416e19970000SP |||||||||||||||||spa|d
082 0 4 |a 658.15  |b FAU  |2 21 
100 0 |a Faus, J  |e author  |9 427637 
245 1 0 |a Finanzas estructurales y estrategias financieras 
300 |a 111 p 
942 |c BK 
945 |d 19990416 00:00:00  |a rbrito 
260 |a Barcelona  |b Folio  |c 1997 
650 0 |a Administración de empresas   |9 260833 
650 0 |a Administración financiera  |9 261146 
650 0 |a Capital   |9 263726 
650 7 |a POLITICAS FINANCIERAS  |2 CL-VaPUC  |9 374080 
583 |a last modification  |c 19990416 00:00:00  |k Rodrigo Vera 
490 0 |a Biblioteca IESE de Gestión de Empresas 
999 |c 280208  |d 280206 
952 |0 0  |1 0  |4 0  |6 658_150000000000000_FAU_1997  |7 0  |8 A  |9 320434  |a BIBENE  |b BIBENE  |d 2019-11-20  |i 3490947  |o 658.15 FAU 1997  |p 3490947  |r 2025-01-15  |w 2019-11-20  |y BK  |k ICO 
952 |0 0  |1 0  |4 0  |6 658_150000000000000_FAU_1997  |7 0  |8 A  |9 320435  |a BIBENE  |b BIBENE  |d 2019-11-20  |i 3477843  |o 658.15 FAU 1997  |p 3477843  |r 2025-01-15  |w 2019-11-20  |y BK  |k ICO 
952 |0 0  |1 0  |4 0  |6 658_150000000000000_FAU_1997  |7 0  |8 A  |9 320436  |a BIBENE  |b BIBENE  |d 2019-11-20  |i 3477851  |o 658.15 FAU 1997  |p 3477851  |r 2025-01-15  |w 2019-11-20  |y BK  |k ICO